000 00761nam a22001937a 4500
003 OSt
005 20250917141749.0
008 250917b |||||||| |||| 00| 0 eng d
040 _c0
082 _aDper 658.421 En86 January-May 2017 v. 41 n. 1-3
100 _aFriar, John H.
_eauthor.
_967661
245 _aThe pharos project :
_bsolving the building materias toxicity challenges /
_cJohn h, Friar, and Wendy D. Vittori.
260 _aHoboken ;
_bWiley Blackwell ,
_cJanuary 2017.
300 _aVolume 41, pages 131-141 :
_billustration ;
_c25 cm.
500 _aEntrepreneurship : Theory and Practice, vol. 41, no. 1, pages 131-141, January 2017.
700 _aFriar, John H.
_eauthor.
_967661
710 _aVittori, Wendy D.
_eauthor.
_967662
942 _2ddc
_cPER
999 _c23815
_d23815